<?xml version="1.0" encoding="UTF-8"?>
<record
    xmlns:xsi="http://www.w3.org/2001/XMLSchema-instance"
    xsi:schemaLocation="http://www.loc.gov/MARC21/slim http://www.loc.gov/standards/marcxml/schema/MARC21slim.xsd"
    xmlns="http://www.loc.gov/MARC21/slim">

  <leader>01165nam2a22002531  4500</leader>
  <controlfield tag="001">RU\NLR\INFOCOMM4\1000553222</controlfield>
  <controlfield tag="005">20250617060044.0</controlfield>
  <datafield tag="035" ind1=" " ind2=" ">
    <subfield code="a">(NLR Aleph) 002505787</subfield>
  </datafield>
  <datafield tag="090" ind1=" " ind2=" ">
    <subfield code="a">2634301</subfield>
    <subfield code="c">2634301</subfield>
  </datafield>
  <datafield tag="100" ind1=" " ind2=" ">
    <subfield code="a">20040420d1980    |||y0rusy50      ca</subfield>
  </datafield>
  <datafield tag="101" ind1="0" ind2=" ">
    <subfield code="a">rus</subfield>
  </datafield>
  <datafield tag="102" ind1=" " ind2=" ">
    <subfield code="a">RU</subfield>
  </datafield>
  <datafield tag="105" ind1=" " ind2=" ">
    <subfield code="a">y   |||||||||</subfield>
  </datafield>
  <datafield tag="200" ind1="1" ind2=" ">
    <subfield code="a">&#x425;&#x438;&#x43C;&#x438;&#x43A;&#x43E;-&#x431;&#x438;&#x43E;&#x43B;&#x43E;&#x433;&#x438;&#x447;&#x435;&#x441;&#x43A;&#x430;&#x44F; &#x43C;&#x435;&#x43B;&#x438;&#x43E;&#x440;&#x430;&#x446;&#x438;&#x44F; &#x437;&#x430;&#x431;&#x43E;&#x43B;&#x43E;&#x447;&#x435;&#x43D;&#x43D;&#x44B;&#x445; &#x43B;&#x435;&#x441;&#x43D;&#x44B;&#x445; &#x43F;&#x43B;&#x43E;&#x449;&#x430;&#x434;&#x435;&#x439; &#x438; &#x431;&#x43E;&#x43B;&#x43E;&#x442;</subfield>
    <subfield code="f">&#x41B;. &#x42F;. &#x421;&#x43C;&#x43E;&#x43B;&#x44F;&#x43D;&#x438;&#x446;&#x43A;&#x438;&#x439;</subfield>
  </datafield>
  <datafield tag="210" ind1=" " ind2=" ">
    <subfield code="d">1980</subfield>
    <subfield code="a">&#x411;. &#x43C;.</subfield>
  </datafield>
  <datafield tag="461" ind1=" " ind2="0">
    <subfield code="1">001RU\NLR\INFOCOMM4\1000553216</subfield>
    <subfield code="1">2001#$a&#x41B;&#x435;&#x441;&#x43E;&#x440;&#x430;&#x437;&#x432;&#x435;&#x434;&#x435;&#x43D;&#x438;&#x435; &#x438; &#x43B;&#x435;&#x441;&#x43E;&#x43C;&#x435;&#x43B;&#x438;&#x43E;&#x440;&#x430;&#x446;&#x438;&#x44F;$e&#x41E;&#x431;&#x437;&#x43E;&#x440;. &#x438;&#x43D;&#x444;&#x43E;&#x440;&#x43C;.$f&#x413;&#x43E;&#x441;. &#x41A;&#x43E;&#x43C;. &#x421;&#x421;&#x421;&#x420; &#x43F;&#x43E; &#x43B;&#x435;&#x441;. &#x445;&#x43E;&#x437;-&#x432;&#x443;. &#x426;&#x411;&#x41D;&#x422;&#x418;$v1980, &#x412;&#x44B;&#x43F;.3</subfield>
    <subfield code="9">2634250</subfield>
    <subfield code="c">&#x41C;.</subfield>
    <subfield code="d">1979-1988</subfield>
    <subfield code="f">&#x413;&#x43E;&#x441;. &#x41A;&#x43E;&#x43C;. &#x421;&#x421;&#x421;&#x420; &#x43F;&#x43E; &#x43B;&#x435;&#x441;. &#x445;&#x43E;&#x437;-&#x432;&#x443;. &#x426;&#x411;&#x41D;&#x422;&#x418;</subfield>
    <subfield code="o">&#x41E;&#x431;&#x437;&#x43E;&#x440;. &#x438;&#x43D;&#x444;&#x43E;&#x440;&#x43C;.</subfield>
    <subfield code="t">&#x41B;&#x435;&#x441;&#x43E;&#x440;&#x430;&#x437;&#x432;&#x435;&#x434;&#x435;&#x43D;&#x438;&#x435; &#x438; &#x43B;&#x435;&#x441;&#x43E;&#x43C;&#x435;&#x43B;&#x438;&#x43E;&#x440;&#x430;&#x446;&#x438;&#x44F;</subfield>
    <subfield code="x">0130-9129</subfield>
    <subfield code="v">1980, &#x412;&#x44B;&#x43F;.3</subfield>
  </datafield>
  <datafield tag="700" ind1=" " ind2="1">
    <subfield code="a">&#x421;&#x43C;&#x43E;&#x43B;&#x44F;&#x43D;&#x438;&#x446;&#x43A;&#x438;&#x439;</subfield>
    <subfield code="b">&#x41B;. &#x42F;.</subfield>
    <subfield code="4">070</subfield>
  </datafield>
  <datafield tag="801" ind1=" " ind2="1">
    <subfield code="a">RU</subfield>
    <subfield code="b">InfoComm</subfield>
    <subfield code="c">20040420</subfield>
  </datafield>
  <datafield tag="801" ind1=" " ind2="0">
    <subfield code="a">RU</subfield>
    <subfield code="b">NLR</subfield>
    <subfield code="g">PSBO</subfield>
  </datafield>
  <datafield tag="852" ind1=" " ind2=" ">
    <subfield code="a">NLR</subfield>
    <subfield code="j">&#x41F;13/1600</subfield>
  </datafield>
  <datafield tag="942" ind1=" " ind2=" ">
    <subfield code="c">ISSUE</subfield>
  </datafield>
  <datafield tag="980" ind1=" " ind2=" ">
    <subfield code="a">NB</subfield>
  </datafield>
  <datafield tag="980" ind1=" " ind2=" ">
    <subfield code="a">RUSPER</subfield>
  </datafield>
</record>
